Pokemon Click Quiz - Bug - Statistics

General Stats
  • This quiz has been taken 63 times
  • The average score is 13 of 16
Answer Stats
Hint Answer % Correct
Fire Centiskorch
91%
Ice Frosmoth
89%
Water Surskit
89%
Electric Vikavolt
89%
Rock Armaldo
86%
Poison Beedrill
86%
Fairy Ribombee
86%
Fighting Heracross
83%
Grass Parasect
83%
None/Single Type Pinsir
83%
Ghost Shedinja
83%
Steel Durant
80%
Dark Lokix
77%
Psychic Orbeetle
77%
Flying Vespiquen
74%
Ground Nincada
69%
No matching quizzes found
Score Distribution
Percent of People with Each Score
Percentile by Number Answered
Your Score History
You have not taken this quiz